ბათუმის შოთა რუსთაველის სახელმწიფო უნივერსიტეტის ბიბლიოთეკა

მოთხრობები ქალებზე (ბიბ.ჩანაწერი № 48648)

000 -LEADER
fixed length control field 00642nam a2200205Ia 4500
001 - CONTROL NUMBER
control field 15548
003 - CONTROL NUMBER IDENTIFIER
control field GE_BSU
008 - FIXED-LENGTH DATA ELEMENTS--GENERAL INFORMATION
fixed length control field 181216s||||||||xx |||||||||||||| ||und||
040 ## - CATALOGING SOURCE
Transcribing agency GE_BSU
100 ## - MAIN ENTRY--PERSONAL NAME
Personal name ბარუზდინი, სერგეი
245 ## - TITLE STATEMENT
Title მოთხრობები ქალებზე
245 ## - TITLE STATEMENT
Remainder of title რომანი ოთხ ბედად
260 ## - PUBLICATION, DISTRIBUTION, ETC.
Place of publication, distribution, etc. თბილისი
260 ## - PUBLICATION, DISTRIBUTION, ETC.
Name of publisher, distributor, etc. მერანი
260 ## - PUBLICATION, DISTRIBUTION, ETC.
Date of publication, distribution, etc. 1985
300 ## - PHYSICAL DESCRIPTION
Extent 294გვ. 20სმ.
653 ## - INDEX TERM--UNCONTROLLED
Uncontrolled term მოთხრობები ქალებზე
653 ## - INDEX TERM--UNCONTROLLED
Uncontrolled term რომანი ოთხ ბედად
942 ## - ADDED ENTRY ELEMENTS (KOHA)
Koha item type წიგნი
ეგზემპლარები
Withdrawn status Lost status Damaged status Not for loan Date acquired Barcode Date last seen Price effective from Koha item type
        2018-12-17 21112 2018-12-17 2018-12-17 წიგნი
        2018-12-17 21113 2018-12-17 2018-12-17 წიგნი